00627nam a2200217Ia 450000500170000000800410001702000230005804000190008104100120010008200160011210000160012824500640014426000430020830000100025150400500026163000200031163000220033165000220035365100240037585000100039920230311135203.0131103s9999 xx 000 0 und d a8121208912cRs 690 aLoreto College aEnglish a891.44bBAS aBasak, Sila aBengali culture and society through its riddlescSila Basak aNew DelhibGyan Publishing Housec2006 a251p  aIncludes bibliographical references and index aBengali Culture aCulture of Bengal aBengali Folklores aFolklores of Bengal aLCLIB